| 000 | 01204nam a2200433 a 4500 | ||
|---|---|---|---|
| 003 | AR-BaBNM | ||
| 005 | 20251128203004.0 | ||
| 008 | 082120s2002 ||||||||||||||000 | spa|| | ||
| 040 | _cAR-BaBNM | ||
| 100 | 1 | _aCosmelli Ibáñez, José | |
| 245 | 0 | 0 |
_aHistoria cultural de los argentinos _bdel período prehispánico a la época de Rosas : arte, letras, ciencias. 1 |
| 260 |
_aBuenos Aires _bTroquel _c1975 |
||
| 300 |
_a643 p. _bil. |
||
| 500 | _aContiene referencias bibliográficas en p. 331 y 619 | ||
| 500 | _aIndice de nombres en p. 621 | ||
| 650 | 4 | _aHISTORIA ARGENTINA | |
| 650 | 4 | _aABORIGENES | |
| 650 | 4 | _aARTE LATINOAMERICANO | |
| 650 | 4 | _aARQUITECTURA | |
| 650 | 4 | _aPERIODO HISPANICO | |
| 650 | 4 | _aLITERATURA | |
| 650 | 4 | _aMEDICINA | |
| 650 | 4 | _aCIENCIAS NATURALES | |
| 650 | 4 | _aMATEMATICA | |
| 650 | 4 | _aASTRONOMIA | |
| 650 | 4 | _aFILOSOFIA | |
| 650 | 4 | _aPINTURA | |
| 650 | 4 | _aPERIODISMO | |
| 650 | 4 | _aTEATRO | |
| 650 | 4 | _aMUSICA | |
| 650 | 4 | _aCOLONIZACION DEL RIO DE LA PLATA | |
| 650 | 4 | _aROSAS Y SU TIEMPO | |
| 650 | 4 | _aREVOLUCION DE MAYO | |
| 650 | 4 | _aEDUCACION | |
| 650 | 4 | _aPERIODISMO | |
| 650 | 4 | _aBIBLIOTECAS | |
| 942 | _cBK | ||
| 998 | _cmariana | ||
| 999 |
_c1394 _d1394 |
||